A magyarok oknyomozó történelme 4., javított kiadás /
Elmentve itt :
| Szerző: | |
|---|---|
| Dokumentumtípus: | Könyv |
| Megjelent: |
Franklin-Társulat
Budapest
1902
|
| Kulcsszavak: | Magyarország története - középiskola - tankönyv |
| Online Access: | http://misc.bibl.u-szeged.hu/45870 |
| LEADER | 00590nam a2200157 i 4500 | ||
|---|---|---|---|
| 001 | misc45870 | ||
| 005 | 20191207093149.0 | ||
| 008 | 181030s1902 hu o 0|| zxx d | ||
| 040 | |a SZTE Miscellanea Repozitórium |b hun | ||
| 041 | |a zxx | ||
| 100 | 1 | |a Mangold Lajos | |
| 245 | 1 | 2 | |a A magyarok oknyomozó történelme |h [elektronikus dokumentum] : |b 4., javított kiadás / |c Mangold Lajos |
| 260 | |a Franklin-Társulat |b Budapest |c 1902 | ||
| 300 | |a 436 | ||
| 695 | |a Magyarország története - középiskola - tankönyv | ||
| 856 | 4 | 0 | |u http://misc.bibl.u-szeged.hu/45870/1/011_025_001-436.pdf |z Dokumentum-elérés |